000 00509nam a2200181Ia 4500
005 20250508160816.0
008 008 250505s9999 xx 000 0 eng d
037 _aTextual
040 _aFEDL
_beng
_cFEDL
041 _aeng
_2eng
084 _a915.4, BOS
_qFEDL
100 _aBossert Jeannette
_9411162
245 0 _aIndia: Land, people and culture
260 _aDelhi, India
_bGulistan Publishing House
_c1974
300 _a292p.
942 _cTEXL
_h915.4, BOS
999 _c1366739
_d1366739